Mushroomantic project/ (Record no. 79867)

MARC details
000 -LEADER
fixed length control field 02115nam a22002657a 4500
003 - CONTROL NUMBER IDENTIFIER
control field URS
005 - DATE AND TIME OF LATEST TRANSACTION
control field 20240510172318.0
008 - FIXED-LENGTH DATA ELEMENTS--GENERAL INFORMATION
fixed length control field 240510b |||||||| |||| 00| 0 eng d
050 00 - LIBRARY OF CONGRESS CALL NUMBER
Classification number LG 221.R59. M377
Item number 2019
100 1# - MAIN ENTRY--PERSONAL NAME
Personal name DABLO, DARIUS M.
Relator term Researcher
245 10 - TITLE STATEMENT
Title <a href="Mushroomantic project/">Mushroomantic project/</a>
Statement of responsibility, etc DABLO, DARIUS M. ...;[et.al.]
260 #1 - PUBLICATION, DISTRIBUTION, ETC. (IMPRINT)
Date of publication, distribution, etc 2019
300 ## - PHYSICAL DESCRIPTION
Extent xiv,88 leaves
Other physical details illustration
Dimensions 28cm
336 ## - CONTENT TYPE
Source rdacontent
Content type term text
337 ## - MEDIA TYPE
Source rdamedia
Media type term unmediated
338 ## - CARRIER TYPE
Source rdacarrier
Carrier type term volume
502 ## - DISSERTATION NOTE
Dissertation note Undergraduate Thesis or Project Development Report
Degree type Bachelor of Agricultural Technology<br/>
Name of granting institution University of Rizal System, Rodriguez, Rizal<br/>
Year degree granted 2019
520 ## - SUMMARY, ETC.
Summary, etc The Project Development Report entitled Chabbilicious Hog Fattening Project was managed by the proponents namely Mary grace A. Birog, Elyza P Bocarile, Jessary M. Odquin and Kate Trixie Sangilan, and was financed by their parents. The project consisted of one cycle only. It was started on July 10, 2018 and was terminated on December 2.2018<br/><br/>The project was implemented at Sitio Calumpit Brgy Macabud Rodriguez Rizal The proponents considered the site because of the existing pigpen and water supply. The area of the pen was eight square meter (8m²) with dimensions of four meters length by two meters width (4m) X (2m). the space requirement of point eighty five squared meter (0.85m²) per head made the area. suitable for the hog fattening project to gain experience, techniques in hog raising<br/><br/>The proponents cleaned and disinfected the pigpen two weeks before the transferring. The pen was cleaned using broomstick and water by sweeping the waste to drainage. The proponents also maintained the cleanliness of pigpen and dryness of the floor to prevent the manipulation of bacteria that can cause diseases. Cleaning of pigpen was done regularly by removing the waste and washing the floor surface
650 ## - SUBJECT ADDED ENTRY--TOPICAL TERM
Source of heading or term advantage for health
700 ## - ADDED ENTRY--PERSONAL NAME
Personal name DUPAY, AGUSTIN C.
Relator term Researcher
700 ## - ADDED ENTRY--PERSONAL NAME
Personal name SISON RAFAEL CARLOS M.
Relator term Researcher
700 ## - ADDED ENTRY--PERSONAL NAME
Personal name TARALA RONALD R.
Relator term Researcher
700 ## - ADDED ENTRY--PERSONAL NAME
Personal name REGALARIO, FREDIE C.
Relator term Adviser
942 ## - ADDED ENTRY ELEMENTS (KOHA)
Source of classification or shelving scheme Library of Congress Classification
Koha item type Theses and dissertations
Holdings
Withdrawn status Source of classification or shelving scheme Damaged status Not for loan Home library Current library Shelving location Date acquired Total Checkouts Full call number Barcode Date last seen Copy number Price effective from Koha item type
  Library of Congress Classification   Not For Loan Rodriguez College Library Rodriguez College Library Undergraduate Theses 05/09/2024   LG 221.R59. M377 2019 URSROD-PDR-BAT-0332 05/10/2024 c1 05/10/2024 Theses and dissertations

University of Rizal System
Email us at univlibservices@urs.edu.ph

Visit our Website www.urs.edu.ph/library